Guías metodológicas para educación inicial (Registro nro. 8993)

Detalles MARC
000 -Cabecera
Campo de control interno 00513nam a2200169Ia 4500
005 - Fecha y hora del registro
control field 20260306160650.0
008 - Elementos de Longitud Fija
fixed length control field 260306t9999||||xx |||||||||||||| ||spa||
041 ## - Idioma
Codigo Idioma ESP
082 ## - DEWEY y NOTACIÓN INTERNA
Dewey 372.21
Notación Interna M61G
110 ## - AUTOR INSTTITUCIONAL
Autor Institucional Ministerio de Educación. Dirección General de Educación Inicial y Básica Regular. Dirección de Educación Inicial
245 #0 - TÍTULO DE MATERIAL BIBLIOGRÁFICO
Título Guías metodológicas para educación inicial
300 ## - DESCRIPCIÓN
N° Páginas 53 páginas :
Dimensiones 16 cm.
650 ## - TEMAS
Temas Generalidades
654 ## - PROGRAMAS
Programa Dpto. de Educación
942 ## - ELEMENTOS DE KOHA
Tipo de documento Libro
Nombre del creador Justo Noguera
Código de catalogador Justo Noguera
Esquema de clasificación Dewey Decimal Classification
Suppress in OPAC
Existencias
Codigo completo Registro Colección Copia número Disponibilidad Tipo de préstamo Biblioteca Actual Procedencia (Biblioteca) Ubicacón Fecha Ingreso Tipo de Adquisición Date last seen Total checkouts Price effective from Tipo de Item Estado del Material Fuente de Clasificación Damaged status Withdrawn status
372.21 M61G 1081624 Universidad Católica San Pablo 1 Disponible Disponible Víctor Andrés Belaunde Víctor Andrés Belaunde Planta baja abierta 03/06/2026 Donación 06/03/2026   06/03/2026 Libro Bueno Dewey Decimal Classification